ნორმალური ფორმატი
MARC ფორმატი
ჩანაწერი Personal Name
ჩანაწერთა რაოდენობა, რომელიც გამოყენებულია: 1
001 - CONTROL NUMBER
- control field: 23658
003 - CONTROL NUMBER IDENTIFIER
- control field: GE_BSU
005 - DATE AND TIME OF LATEST TRANSACTION
- control field: 20241108155840.0
008 - FIXED-LENGTH DATA ELEMENTS
- fixed length control field: 241108|| aca||aabn | a|a d
040 ## - CATALOGING SOURCE
- Original cataloging agency: GE_BSU
- Transcribing agency: GE_BSU
100 ## - HEADING--PERSONAL NAME
- Personal name: Политаньска, Ирина
- Titles and other words associated with a name: Пер. с польского языка
670 ## - SOURCE DATA FOUND
- Source citation: Work cat.: (GE_BSU)47246: Гомулка, Кристина 23656, Политика Польши по отношению к странам Южного Кавказа на рубеже XX и XI веков /
